000 00316nam a22001457a 4500
003 SGT
082 _a611
_bH25C
100 _aCHAURASIA, BD
245 _aHUMAN ANATOMY: BRAIN NEUROLOGY VOL. 4
250 _a10TH
260 _aINDIA
_bCBS PUB
_c2025
300 _a195
650 _aHUMAN ANATOMY
942 _2ddc
_cBK
999 _c33136
_d33136